| 000 | 00506nam a2200181Ia 4500 | ||
|---|---|---|---|
| 003 | OSt | ||
| 005 | 20200123132446.0 | ||
| 008 | 190216s9999||||xx |||||||||||||| ||und|| | ||
| 020 | _a8127219061 | ||
| 040 | _coclc | ||
| 082 |
_a651.7 _bKUM/C |
||
| 100 |
_aKumar, Varinder _91474 |
||
| 245 | 0 |
_aCommunication Skills / _cVarinder Kumar |
|
| 260 |
_bKalyani Publisher, _c2008. _aNew Delhi: |
||
| 300 | _a276p | ||
| 650 | _aCommunications | ||
| 942 |
_cBK _2ddc _h651.7 _iKUM/C _k651.7 _mKUM/C |
||
| 999 |
_c7499 _d7499 |
||